000 01450cam a2200265 a 4500
001 1654
005 20250428104238.0
020 _a9781405334938
040 _aDLC
_cDLC
_dDLC
_beng
050 0 0 _aDF77
_b.A595 2008
082 0 0 _a938
_222
100 _aScarbiriygh, Kate
245 0 0 _aAncient Greece :
_cBy Kate Scarborough
250 _aFirst published in the United States in 2008
260 _c2009 .
_bDoling Kindersley Limited ,
_aLondon :
300 _a46 pages :
_bColor illustrations, maps ;
_c29 cm .
490 _aEyewitness Project Books
505 _aZ
520 _aHelp your child get to the top of the class fast with this Eyewitness Project Book on Ancient Greece From famous Gods to the insides of temples, watch your child take their knowledge of Ancient Greece to the next level using this fill-in home-study workbook. Test their knowledge and train their brains with hands-on activities, amazing stickers and quick-fire quiz pages. Do the activities together and encourage your child to practise essential skills at home to keep them one step ahead of the class. Fun-filled curriculum based exercises will help them progress with confidence. Reward stickers, a progress chart and pull-out certificate make learning about Ancient Greece fun and easy!
521 _a900
_bLexile
521 _aZ
_bRaz-Plus
700 1 _aAllen, Linsay
906 _a7
_bcbc
_corignew
_d1
_eocip
_f20
_gy-gencatlg
942 _2ddc
_cBK
_n0
999 _c1654
_d1654